000
00292nam a2200121Ia 4500
008
190216s9999||||xx |||||||||||||| ||und||
100
_a
Giri V V
245
0
_a
Labour Problems In Indian Industry
260
_b
Asia Publishing House
_c
1972
300
_a
564p
650
_a
Economics
942
_c
BK
999
_c
9268
_d
9268